| 000 | 01448cam a22003614a 4500 | ||
|---|---|---|---|
| 001 | 14183307 | ||
| 005 | 20161123191458.0 | ||
| 008 | 051129s2006 enka b 001 0 eng | ||
| 010 | _a 2005034796 | ||
| 020 | _a0521836417 (hardback) | ||
| 035 | _a(OCoLC)ocm62393198 | ||
| 040 |
_aDLC _cDLC _dYDX _dBAKER _dIXA _dNLGGC _dDLC |
||
| 042 | _apcc | ||
| 050 | 0 | 0 |
_aHB135 _b.H87 2006 |
| 082 | 0 | 0 |
_a330.0151 _222 _bHUR |
| 084 |
_a83.03 _2bcl |
||
| 100 | 1 |
_aHurwicz, Leonid. _94001 |
|
| 245 | 1 | 0 |
_aDesigning economic mechanisms / _cLeonid Hurwicz, Stanley Reiter. |
| 260 |
_aCambridge ; _aNew York : _bCambridge University Press, _cc.2006. |
||
| 300 |
_aix, 344 p. : _bill. ; _c24 cm. |
||
| 500 | _aIncludes Index. | ||
| 504 | _aIncludes bibliographical references (p. 335-340) and index. | ||
| 650 | 0 |
_aEconomics, Mathematical. _94002 |
|
| 650 | 0 |
_aMathematical optimization. _94004 |
|
| 650 | 0 |
_aGame theory. _94005 |
|
| 650 | 0 |
_94003 _aEconomics _xMathematical models |
|
| 700 | 1 |
_aReiter, Stanley. _94006 |
|
| 856 | 4 | 1 |
_3Table of contents _uhttp://www.loc.gov/catdir/toc/ecip064/2005034796.html |
| 856 | 4 | 2 |
_3Publisher description _uhttp://www.loc.gov/catdir/enhancements/fy0633/2005034796-d.html |
| 856 | 4 | 2 |
_3Contributor biographical information _uhttp://www.loc.gov/catdir/enhancements/fy0733/2005034796-b.html |
| 942 |
_2ddc _cBB |
||
| 999 |
_c11371 _d11371 |
||